000 00637nam a2200181 a 4500
001 000022173
005 20200930011620.0
008 100917s1972 mx 000 |bspa d
040 _aDO-SdBNP
_bspa
_cBNPHU
082 _axxx
_bV188n
100 1 _aValliéres, Pierre
_945877
245 1 0 _aNegros blancos de América :
_bautobiografía precoz de un terrorista quebequense /
_cPierre Valliéres; traducción por Aurelio Garzón del Camino.
260 _aMéxico D. F. :
_bSiglo Veintiuno,
_c1972.
300 _a377 p. ;
_c18 cm.
500 _aIncluye apéndice y notas
700 1 _aGarzón del Camino, Aurelio
_etr.
_940620
049 _aBNGR
999 _c21671
_d21671